000 00716nam a2200241Ia 4500
003 OSt
005 20220927105205.0
006 a|||||r|||| 00| 0
007 ta
008 220926b |||||||| |||| 00| 0 eng d
024 _a159741
037 _cReference Collections
040 _aRTL
_cRTL
_beng
041 _2eng
_aeng
082 _a"X6m2,N35.N92 ->N93, N3.1"
110 _aINDIA (Reserve Bank of-)
_9370743
245 0 _aReport on currency and finance 1992-93
_b Economic review
260 _aBombay
_bRBI
_c1992
300 _a453p
_ccm.
700 _aINDIA (Reserve Bank of-)
_9370744
942 _h"X6m2,N35.N92 ->N93, N3.1"
_cCC
999 _c691058
_d691058